00691nam a2200229 a 4500001001300000003000900013005001700022008004100039020001000080082001800090100002100108245003900129260003000168300000900198500003500207505004500242650002500287902000800312942000700320952011900327999001500446nice12345678IN_TiNIC20260116012341.0050524s1989 dela grp 000 0 eng  ac35000a954.0253bGUL aGulbadan Begum,  aHistory of Humayun (humayun Namah) aDelhibAtlantic Pubc1989 a331p aincludes index and biblioraphy2 aPersian and English. 96 Pages in Persian aMughal India-Humayun bSRS cBK 001040708StackRoom-aHMIbHMId2008-08-04g350.00l0o954.0253 GULp013551r2008-08-04v350.00w2005-05-24yBK c6659d6659